书目信息 |
| 题名: |
知识创新战略
|
|
| 作者: | 李喜先 著 | |
| 分册: | ||
| 出版信息: | 北京 科学出版社 2014 |
|
| 页数: | 255页 | |
| 开本: | 24cm | |
| 丛书名: | 创新战略丛书 | |
| 单 册: | ||
| 中图分类: | G302 | |
| 科图分类: | ||
| 主题词: | 知识创新--研究 , 知识创新 | |
| 电子资源: | ||
| ISBN: | 978-7-03-039081-3 | |
| 000 | 00967nam0 2200289 450 | |
| 001 | 524 | |
| 005 | 20140909172405.78 | |
| 010 | @a978-7-03-039081-3@dCNY78.00 | |
| 100 | @a20140508d2014 em y0chiy50 ea | |
| 101 | 0 | @achi |
| 102 | @aCN@b110000 | |
| 105 | @ay z 000yy | |
| 106 | @ar | |
| 200 | 1 | @a知识创新战略@AZhi Shi Chuang Xin Zhan Lue@dKnowledge innovation strategy@f李喜先等著@FLi Xi Xian Deng Zhu@zeng |
| 210 | @a北京@c科学出版社@d2014 | |
| 215 | @a255页@d24cm | |
| 225 | 2 | @a创新战略丛书 |
| 300 | @a中国发展战略学研究会创新战略专业委员会 | |
| 330 | @a本书分战略思想、战略目标、战略举措三篇从战略高度上论述了知识创新的巨大意义,阐明国家创新战略的核心就在于知识创新。 | |
| 461 | 0 | @12001 @a创新战略丛书 |
| 510 | 1 | @aKnowledge innovation strategy@zeng |
| 606 | 0 | @a知识创新@x研究 |
| 606 | 0 | @a知识创新 |
| 690 | @aG302@v5 | |
| 701 | 0 | @a李喜先@ALi Xi Xian@f(1932~)@4著 |
| 801 | 0 | @aCN@bTANGWEI@c20140603 |
| 905 | @b0838864-66@dG302@e172@f3 | |
| 知识创新战略=Knowledge innovation strategy/李喜先等著.-北京:科学出版社,2014 |
| 255页;24cm.-(创新战略丛书) |
| 中国发展战略学研究会创新战略专业委员会 |
| ISBN 978-7-03-039081-3:CNY78.00 |
| 本书分战略思想、战略目标、战略举措三篇从战略高度上论述了知识创新的巨大意义,阐明国家创新战略的核心就在于知识创新。 |
| ● |
| 相关链接 |
|
|
|
|
正题名:知识创新战略
索取号:G302/172
 
预约/预借
| 序号 | 登录号 | 条形码 | 馆藏地/架位号 | 状态 | 备注 |
| 1 | 0838864 | 208388644 | 第一样本阅览室/ [索取号:G302/172] | 在馆 | |
| 2 | 0838865 | 208388653 | 第四借阅区/ [索取号:G302/172] | 在馆 | |
| 3 | 0838866 | 208388662 | 密集书库-物理学院/ [索取号:G302/172] | 在馆 |